000 00596nam a22001817a 4500
999 _c190651
_d190651
005 20220802105309.0
010 _aENG-134139
020 _a9789380318004
_c795.000
035 _aEN-117671
037 _bDBAD/PUB
082 _a302.23095492
100 _aCharulata Singh
245 _aMedia,Military and Politics:A Study on Bangladesh/
_cby Charulata Singh
260 _aNew Delhi
_bNeha Publishers & Distributors
_c2010
270 _a4832/24,Prahlad Lane,S-204,Ansari Road,Daryaganj,
_bNew Delhi
_e110002
300 _a232p.
_c23cm(Hb)
942 _2ddc
_cEN
_h302.23095492
_mCHA